000 00649nam a2200217 a 4500
005 20230123134217.0
008
050 0 0 _aSB128
_fLUC
100 1 _aLuckwill, Leonard C.
245 1 0 _aGrowth regulators in crop production /
_cLeonard C. Luckwill.
260 _aLondon :
_bE. Arnold,
_c1981.
300 _a59, [1] p. :
_bill. ;
_c22 cm.
440 0 _aInstitute of Biology's studies in biology,
_x0537-9024 ;
_vno. 129
504 _aBibliography: p. [60]
650 0 _aPlant regulators.
907 _a.b10203783
_b22-05-06
_c22-05-06
003
040 _cNUST
049 _aMAIN
942 _cBOOKS
999 _c161939
_d161939